L´interculturel dans l´enseignement des langues
Nepostačujúca jazyková kompetentnosť pri jednaní predstaviteľov rôznych kultúr. Potreba elementárnej znalosti kultúry nášho partnera. Prejavy kultúrnej odlišnosti na úrovni neverbálnej komunikácie a na úrovni jazykového kódu. Interkultúrna senzibilita a kompetentnosť.
Gespeichert in:
| 1. Verfasser: | |
|---|---|
| Format: | Buchkapitel |
| Sprache: | Französisch |
| Schlagworte: | |
| Tags: |
Keine Tags, Fügen Sie das erste Tag hinzu!
|
MARC
| LEADER | 00000naa$a2200000$$$4500 | ||
|---|---|---|---|
| 001 | 0084120 | ||
| 005 | 20240502071940.1 | ||
| 041 | 0 | |a fre | |
| 044 | |a SK | ||
| 245 | 1 | 0 | |a L´interculturel dans l´enseignement des langues |c Štefan Povchanič |
| 520 | |a Nepostačujúca jazyková kompetentnosť pri jednaní predstaviteľov rôznych kultúr. Potreba elementárnej znalosti kultúry nášho partnera. Prejavy kultúrnej odlišnosti na úrovni neverbálnej komunikácie a na úrovni jazykového kódu. Interkultúrna senzibilita a kompetentnosť. | ||
| 610 | 2 | 0 | |a komunikácia |
| 610 | 2 | 0 | |a jazyky cudzie |
| 610 | 2 | 0 | |a kultúra |
| 610 | 2 | 0 | |a komunikácia neverbálna |
| 100 | 1 | |a Povchanič, Štefan | |